000 00703nam a22002417a 4500
003 UA-OsUOA
001 54642
007 ta
008 20080701b un ||||| |||| 00| 0 ukr d
100 _aАфанасьев А. Н.
090 _a82.343
_bА94
942 _cBK
040 _aUA-OsUOA
_brus
_cUA-OsUOA
_dUA-OsUOA
245 _aМифология Древней Руси
_bПоэтические воззрения славян на природу
300 _a608 с.
955 _a2
041 _arus
080 _a82.343
020 _a978-5-699-24468-3
260 _aМ.
_bЭксмо
_c2007
650 7 _a82 Література. Літературознавство
_2UDC
999 _c340727
_d340727